000 00576nam a2200193 a 4500
001 000041433
005 20201002034903.0
008 131004s1996 sp 000 0 spa d
040 _aDO-SdBNP
_bspa
_cBNPHU
082 _axxx
_bxxx
100 1 _aSepĂșlveda, Luis
_968107
245 1 0 _aPatagonia express. :
_bapuntes de viaje /
_cLuis Sepulveda.
250 _a5ta. ed.
260 _aBarcelona :
_bTusQuets,
_c1996.
300 _a178 p. ;
_c21 cm.
490 1 _aAndanzas
500 _aIncluye datos biograficos del autor en la solapa de la portada.
830 0 _aAndanzas
_918113
999 _c40923
_d40923